000 00298nam a2200157Ia 4500
100 _aPerry/ Doughlas
250 _a3
942 _cBK
654 _aVHDL
245 _aVHDL
260 _bTata Mc Graw hill
_c1998
082 _a621.392
_bPER
300 _a493
546 _aENGLISH
999 _c28469
_d28469